Library Banner

God's smuggler / (Record no. 109111)

MARC details
000 -LEADER
fixed length control field 00676cam a2200229 a 4500
001 - CONTROL NUMBER
control field 12584930
005 - DATE AND TIME OF LATEST TRANSACTION
control field 20181127113304.0
008 - FIXED-LENGTH DATA ELEMENTS--GENERAL INFORMATION
fixed length control field 011108s2001 miu 000 0aeng
020 ## - INTERNATIONAL STANDARD BOOK NUMBER
International Standard Book Number 0800793013
040 ## - CATALOGING SOURCE
Transcribing agency PK-LaUMT
082 00 - DEWEY DECIMAL CLASSIFICATION NUMBER
Classification number 266.0092
Edition number 21
Item number AND-G
100 0# - MAIN ENTRY--PERSONAL NAME
Personal name Andrew
245 10 - TITLE STATEMENT
Title God's smuggler /
Statement of responsibility, etc Brother Andrew with John and Elizabeth Sherrill
260 ## - PUBLICATION, DISTRIBUTION, ETC. (IMPRINT)
Place of publication, distribution, etc London. :
Name of publisher, distributor, etc Hodder & Stoughton,
Date of publication, distribution, etc 2002
-- reprinted 2005
300 ## - PHYSICAL DESCRIPTION
Extent 292 p. ;
Dimensions 22 cm.
650 #0 - SUBJECT ADDED ENTRY--TOPICAL TERM
Topical term or geographic name as entry element Missions
Geographic subdivision Europe, Eastern.
650 #0 - SUBJECT ADDED ENTRY--TOPICAL TERM
Topical term or geographic name as entry element Missionaries
Geographic subdivision Europe, Eastern
650 #0 - SUBJECT ADDED ENTRY--TOPICAL TERM
Topical term or geographic name as entry element Missionaries
Geographic subdivision Netherlands
700 1# - ADDED ENTRY--PERSONAL NAME
Personal name Sherrill, John L.
700 1# - ADDED ENTRY--PERSONAL NAME
Personal name Sherrill, Elizabeth.
942 ## - ADDED ENTRY ELEMENTS (KOHA)
Koha item type Books
Holdings
Withdrawn status Lost status Damaged status Home library Current library Date acquired Full call number Barcode Date last seen Price effective from Koha item type
      UMT Main Campus UMT Main Campus 2018-11-27 266.0092 AND-G 125296 2018-11-27 2018-11-27 Books